[Event "Rheinland Pfalz op 7th"]
[Site "Frankenthal"]
[Date "2015.06.06"]
[Round "5"]
[White "Schaedlich, Helmut"]
[Black "Buzov, Boris"]
[Result "0-1"]
[WhiteElo "1801"]
[BlackElo "2049"]
[PlyCount "130"]
[EventDate "2015.06.04"]
[EventType "swiss"]
[EventRounds "7"]
[EventCountry "GER"]
[SourceTitle "EXT 2017"]
[Source "ChessBase"]
[SourceDate "2016.10.25"]
[SourceVersion "1"]
[SourceVersionDate "2016.10.25"]
[SourceQuality "1"]

1. c4 e5 2. g3 Nf6 3. Bg2 Nc6 4. Nc3 d6 5. e3 Be6 6. Nd5 Bxd5 7. cxd5 Ne7 8. Qa4+ Qd7 9. Qb3 c6 10. dxc6 Nxc6 11. Ne2 d5 12. 0-0 Be7 13. d4 e4 14. Bd2 0-0 15. Rfc1 Rfc8 16. a3 h5 17. Qd1 h4 18. Nf4 hxg3 19. Bh3 gxf2+ 20. Kxf2 Qd8 21. Qg1 Bd6 22. Bxc8 Qxc8 23. Qg5 Bxf4 24. Qxf4 Nh5 25. Qg5 Qh3 26. Rg1 Rd8 27. Qg4 Qxg4 28. Rxg4 Nf6 29. Rg2 Kf8 30. Bb4+ Kg8 31. Rag1 g6 32. Be1 Kg7 33. Ke2 Rh8 34. b4 a6 35. Rf1 Ne8 36. Bg3 f6 37. Kd2 Kf7 38. Kc3 Ng7 39. Kd2 Ne6 40. Rgf2 f5 41. h4 Na7 42. a4 Nc8 43. a5 Na7 44. Rh2 Rh5 45. Bf4 Nb5 46. Rc1 Nxf4 47. exf4 Nxd4 48. Rc7+ Kf6 49. Ke3 Ne6 50. Rxb7 d4+ 51. Kd2 Nxf4 52. b5 Rh8 53. Rb6+ Ke5 54. Rxa6 e3+ 55. Kd1 d3 56. Rc6 Rb8 57. b6 Nd5 58. Rb2 f4 59. Rxg6 Nc3+ 60. Ke1 Rd8 61. Rgg2 f3 62. Rg5+ Kf6 63. Rd2 Ne4 64. a6 Nxd2 65. Kd1 f2 0-1

[Event "GER Seniors Derby 09th"]
[Site "Wesel Undeloh"]
[Date "2010.04.09"]
[Round "3.11"]
[White "Gruener, Reinhard"]
[Black "Schaedlich, Helmut"]
[Result "1/2-1/2"]
[WhiteElo "1763"]
[BlackElo "1711"]
[PlyCount "88"]
[EventDate "2010.04.08"]
[EventType "swiss"]
[EventRounds "7"]
[EventCountry "GER"]
[SourceTitle "EXT 2022"]
[Source "ChessBase"]
[SourceDate "2021.10.06"]
[SourceVersion "1"]
[SourceVersionDate "2021.10.06"]
[SourceQuality "1"]

1. d4 f5 2. g3 Nf6 3. Bg2 e6 4. Nd2 Be7 5. e4 fxe4 6. Nxe4 0-0 7. Nxf6+ Bxf6 8. Nf3 c5 9. d5 e5 10. 0-0 d6 11. Nd2 Bg5 12. Ne4 Bxc1 13. Qxc1 Bf5 14. f4 Bxe4 15. Bxe4 exf4 16. Rxf4 Nd7 17. Bf5 Ne5 18. Qf1 Rf6 19. Re1 Qf8 20. Ree4 Re8 21. Ra4 a6 22. b4 g5 23. Bxh7+ Kg7 24. Rxf6 Qxf6 25. Qxf6+ Kxf6 26. bxc5 dxc5 27. Be4 Rd8 28. Bg2 Rd6 29. h4 b5 30. hxg5+ Kxg5 31. Rf4 Nc4 32. Kf2 Nb6 33. Rf8 Nxd5 34. Rg8+ Kh6 35. Rc8 Nb4 36. Rxc5 Rd2+ 37. Kf3 Rxc2 38. Rxc2 Nxc2 39. Bh3 b4 40. Ke4 a5 41. Kd3 Ne1+ 42. Kc4 Kg5 43. Kb5 Nd3 44. Kxa5 Nc1 1/2-1/2